| 000 | 01209nam a2200313 a 4500 | ||
|---|---|---|---|
| 001 | ebr10627938 | ||
| 003 | CaPaEBR | ||
| 006 | m u | ||
| 007 | cr cn||||||||| | ||
| 008 | 120525s2012 ohua sb 001 0 eng d | ||
| 010 | _z 2012940642 | ||
| 020 | _z1615039767 | ||
| 020 | _z9781615039913 | ||
| 020 | _z9781615039760 (e-book) | ||
| 040 |
_aCaPaEBR _cCaPaEBR |
||
| 035 | _a(OCoLC)823729116 | ||
| 050 | 1 | 4 |
_aTA684 _b.F38 2012eb |
| 245 | 0 | 0 |
_aFatigue and fracture _h[electronic resource] : _bunderstanding the basics / _cedited by F.C. Campbell. |
| 260 |
_aMaterials Park, Ohio : _bASM International, _c2012. |
||
| 300 |
_axi, 685 p. : _bill. |
||
| 504 | _aIncludes bibliographical references and index. | ||
| 533 |
_aElectronic reproduction. _bPalo Alto, Calif. : _cebrary, _d2011. _nAvailable via World Wide Web. _nAccess may be limited to ebrary affiliated libraries. |
||
| 650 | 0 |
_aSteel, Structural _xFatigue. |
|
| 650 | 0 |
_aSteel, Structural _xFracture. |
|
| 655 | 7 |
_aElectronic books. _2local |
|
| 700 | 1 | _aCampbell, F. C. | |
| 710 | 2 | _aebrary, Inc. | |
| 856 | 4 | 0 |
_uhttp://site.ebrary.com/lib/rucke/Doc?id=10627938 _zAn electronic book accessible through the World Wide Web; click to view |
| 999 |
_c67744 _d67744 |
||